Practical business psychology (Record no. 24379)

MARC details
000 -LEADER
fixed length control field 00377nam a2200145Ia 4500
005 - DATE AND TIME OF LATEST TRANSACTION
control field 20240821151437.0
008 - FIXED-LENGTH DATA ELEMENTS--GENERAL INFORMATION
fixed length control field 240821s9999||||xx |||||||||||||| ||und||
082 ## - DEWEY DECIMAL CLASSIFICATION NUMBER
Classification number 658 LAI
100 ## - MAIN ENTRY--PERSONAL NAME
Personal name Laird, Donald A.
245 #0 - TITLE STATEMENT
Title Practical business psychology
260 ## - PUBLICATION, DISTRIBUTION, ETC.
Place of publication, distribution, etc. New York
Name of publisher, distributor, etc. McGraw-Hill Books
Date of publication, distribution, etc. 1951
300 ## - PHYSICAL DESCRIPTION
Extent 557p
650 ## - SUBJECT ADDED ENTRY--TOPICAL TERM
Topical term or geographic name entry element Management and Office Practice
942 ## - ADDED ENTRY ELEMENTS (KOHA)
Koha item type Book

No items available.